Textbook on family planning : (Record no. 18334)
[ view plain ]
| 000 -LEADER | |
|---|---|
| fixed length control field | 00593nam a22002057a 4500 |
| 003 - CONTROL NUMBER IDENTIFIER | |
| control field | OSt |
| 005 - DATE AND TIME OF LATEST TRANSACTION | |
| control field | 20140310183018.0 |
| 008 - FIXED-LENGTH DATA ELEMENTS--GENERAL INFORMATION | |
| fixed length control field | 130212t xxu||||| |||| 00| 0 eng d |
| 020 ## - INTERNATIONAL STANDARD BOOK NUMBER | |
| International Standard Book Number | 9712330036 |
| 050 ## - LIBRARY OF CONGRESS CALL NUMBER | |
| Classification number | HQ 763.6.P6 |
| Item number | .L968 2001 |
| 100 ## - MAIN ENTRY--PERSONAL NAME | |
| Personal name | Lugue, Lydia Quirolgico. |
| 245 ## - TITLE STATEMENT | |
| Title | Textbook on family planning : |
| Statement of responsibility, etc | Luque, Lydia Quirolgico. |
| Remainder of title | with an overview of population trends, problems, and policies / |
| 260 ## - PUBLICATION, DISTRIBUTION, ETC. (IMPRINT) | |
| Place of publication, distribution, etc | Manila : |
| Name of publisher, distributor, etc | Rex Book Store, |
| Date of publication, distribution, etc | 2001. |
| 300 ## - PHYSICAL DESCRIPTION | |
| Extent | 217 p. : |
| Dimensions | 21 cm. |
| 521 ## - TARGET AUDIENCE NOTE | |
| Target audience note | |
| 562 ## - COPY AND VERSION IDENTIFICATION NOTE | |
| Number of copies | 2 |
| 942 ## - ADDED ENTRY ELEMENTS (KOHA) | |
| Source of classification or shelving scheme | Library of Congress Classification |
| Koha item type | Books |
| Call number prefix | Local |
| Withdrawn status | Lost status | Source of classification or shelving scheme | Damaged status | Home library | Current library | Shelving location | Date acquired | Total Checkouts | Full call number | Barcode | Date last seen | Copy number | Price effective from | Koha item type | Date checked out |
|---|---|---|---|---|---|---|---|---|---|---|---|---|---|---|---|
| Library of Congress Classification | College Library | College Library | General Circulation Section | 02/12/2013 | HQ 763.6.P6 .L968 2001 | C0974 | 05/15/2018 | 1 | 02/12/2013 | Books | |||||
| Library of Congress Classification | College Library | College Library | General Circulation Section | 12/16/2013 | 1 | HQ 763.6.P6 .L968 2001 | C5932 | 05/15/2018 | 2 | 12/16/2013 | Books | 07/21/2014 |